Osobitosti vybraných fáz životného cyklu podniku - založenie a vznik podniku bakalárska práca

Gespeichert in:
Bibliographische Detailangaben
1. Verfasser: Mišániová, Martina
Körperschaft: Fakulta podnikového manažmentu EU. Katedra podnikovohospodárska
Weitere Verfasser: Gajdová, Denisa, 1977-
Format: Buch
Sprache:Slowakisch
Veröffentlicht: Bratislava 2019
Tags: Tag hinzufügen
Keine Tags, Fügen Sie das erste Tag hinzu!

MARC

LEADER 00000nbm a2200000 4500
001 0255444
005 20191125141549.5
041 0 |a slo 
044 |a SK 
245 1 0 |a Osobitosti vybraných fáz životného cyklu podniku - založenie a vznik podniku  |b bakalárska práca  |c Martina Mišániová ; školiteľ: Denisa Gajdová 
264 1 |a Bratislava  |c 2019 
300 |a 51 s. 
100 1 |a Mišániová, Martina 
700 1 |a Gajdová, Denisa, 1977- 
710 2 |a Fakulta podnikového manažmentu EU. Katedra podnikovohospodárska